000 00946nmc a2200349 a 4500
003 AR-BaBNM
005 20251128204856.0
008 266019s1984 ||||||||||||||000 | spa||
020 _a950-25-0049-0
040 _cAR-BaBNM
100 1 _aBilsky, Edgardo J.
245 1 0 _aLa semana trágica
260 _aBuenos Aires
_bCentro Editor de América Latina
_c1984
300 _a161 p.
_btablas, gráfs.
490 0 _aBiblioteca política argentina
_vv. 50
600 _aYrigoyen, Hipólito
_d1916-1922
610 2 4 _aUnión Cívica Radical [Argentina]
610 2 4 _aFORA
650 4 _aHISTORIA ARGENTINA
650 4 _aHISTORIA SOCIAL
650 4 _aSEMANA TRAGICA
650 4 _aCLASE BAJA
650 4 _aMOVIMIENTO OBRERO
650 4 _aPOLITICA
650 4 _aHISTORIA SINDICAL
650 4 _aANARQUISMO
650 4 _aSOCIALISMO
651 4 _aArgentina
800 1 _aTroncoso, Oscar
_edirector
942 _cBK
998 _cEnrique
999 _c9152
_d9152